Phân tích văn bản một số tác phẩm Hán Nôm tiêu biểu

Αποθηκεύτηκε σε:
Λεπτομέρειες βιβλιογραφικής εγγραφής
Κύριος συγγραφέας: Phan, Hữu Huệ
Μορφή: Βιβλίο
Γλώσσα:Undetermined
Έκδοση: H. ĐHSP 2006
Θέματα:
Διαθέσιμο Online:http://lrc.tdmu.edu.vn/opac/search/detail.asp?aID=2&ID=6767
Ετικέτες: Προσθήκη ετικέτας
Δεν υπάρχουν, Καταχωρήστε ετικέτα πρώτοι!
Thư viện lưu trữ: Trung tâm Học liệu Trường Đại học Thủ Dầu Một
LEADER 00684nam a2200193Ia 4500
001 TDMU_6767
008 210410s9999 xx 000 0 und d
082 |a 495.9227 
090 |b PH105 
100 |a Phan, Hữu Huệ 
245 0 |a Phân tích văn bản một số tác phẩm Hán Nôm tiêu biểu 
245 0 |c Phan Hữu Huệ 
260 |a H. 
260 |b ĐHSP 
260 |c 2006 
300 |a 339tr 
650 |a Phân tích văn bản; Tác phẩm văn học Hán; Tác phẩm văn học Nôm 
856 |u http://lrc.tdmu.edu.vn/opac/search/detail.asp?aID=2&ID=6767 
980 |a Trung tâm Học liệu Trường Đại học Thủ Dầu Một